LEADER 01167nam a2200217 i 4500 001 000000190649 003 CaOOAMICUS 005 20100625000000.0 008 100625s1948 it u000 u ita u 013 $a169080 040 $aSeMil$bita 245 10$aCanto d'amore :$bautobiografia di Madre Maria Cecilia di Roma religiosa della Congregazione di Gesù-Maria (1897-1929) /$ccon prefazione ed aggiunte di dom Léonce Crénier , O.S.B. (tolte da «Une vie dans le Christ») 250 $aUnica versione autorizzata di una Clarissa del Monastero di Fiesole. 260 $aTorino :$bLICE-Berruti & C.,$cstampa 1948. 300 $a334 p., [3] p. di tav. :$bill. ;$c22 cm. 600 04$aCecilia .$0(OLS)http://semarc/subject/16626 700 1 $aCrénier, Léonce.$0(OLS)http://semarc/name/69697 850 $aSeMil 852 $aSeMil$W1$xVenegono$y1$m3H IV 149$j141266$B141266$CSeMilBibl$Z2$F152851 $81 996 $6245$aCanto d'amore :$bautobiografia di Madre Maria Cecilia di Roma religiosa della Congregazione di Gesù-Maria (1897-1929)$9(OLS)http://semarc/title/274679 996 $6260$aTorino :$bLICE-Berruti & C.$9(OLS)http://semarc/publisher/32683 LEADER 01143nas a2200241 i 4500 001 000000206100 003 CaOOAMICUS 005 20120221000000.0 008 110810b2011 it uu u0 0ita r 013 $a184850 040 $aSeMil$bita 245 10$a2011 : 1. 260 $aRoma :$bVivere In,$c2011. 300 $a299, [12] p. ;$c23 cm. 500 $aContiene [inserto periodico] : Facoltà Teologica Pugliese, Vita dell'Istituto Teologico Pugliese «Regina Apuliae», Anno Accademico 2010-2011, Notiziario novembre 2010-aprile 2011, Numero 40. 773 0 $tRivista di Scienze Religiose.$dRoma : Vivere In, 1987.$w()2845 774 0 $t[vedi periodico].$w()276019 774 0 $tFacoltà Teologica Pugliese, Vita dell'Istituto Teologico Pugliese «Regina Apuliae», Anno Accademico 2010-2011, Notiziario novembre 2010-aprile 2011, Numero 40. - [12] p.$w()276020 850 $aSeMil 852 $aSeMil$W1$xVenegono$y1$m244 2 40$j156583$B156583$CSeMilBibl$Z2$F172765 $85 961 $aCambio: Scuola Cattolica 996 $6245$a2011 : 1$9(OLS)http://semarc/title/296526 996 $6260$aRoma :$bVivere In$9(OLS)http://semarc/publisher/30924